Physiotherapy in obstetrics and Gynaecology (Record no. 520542)

MARC details
000 -LEADER
fixed length control field 00389pam a2200157a 44500
008 - FIXED-LENGTH DATA ELEMENTS--GENERAL INFORMATION
fixed length control field 230515b1993 xxu||||| |||| 00| 0 eng d
020 ## - INTERNATIONAL STANDARD BOOK NUMBER
International Standard Book Number NULL
041 ## - LANGUAGE CODE
Language code of text/sound track or separate title ENG
082 ## - DEWEY DECIMAL CLASSIFICATION NUMBER
Classification number 618.2
100 ## - MAIN ENTRY--PERSONAL NAME
Personal name Polden M and Mantle J
245 ## - TITLE STATEMENT
Title Physiotherapy in obstetrics and Gynaecology
250 ## - EDITION STATEMENT
Edition statement 0
260 ## - PUBLICATION, DISTRIBUTION, ETC.
Place of publication, distribution, etc. NULL
Name of publisher, distributor, etc. "Jaypee brothers, New Delhi, "
Date of publication, distribution, etc. 1993
300 ## - PHYSICAL DESCRIPTION
Extent 441
650 ## - SUBJECT ADDED ENTRY--TOPICAL TERM
Topical term or geographic name entry element N.D.
Holdings
Withdrawn status Lost status Damaged status Not for loan Home library Current library Shelving location Date acquired Source of acquisition Cost, normal purchase price Total Checkouts Full call number Barcode Date last seen Price effective from Koha item type
  Lost and Paid For     College of Nursing, Pune College of Nursing, Pune   09/07/2004 NULL 200.00   618.2 NCP-UG-464 28/06/2023 28/06/2023 Book